000 00663cab a2200253 4500
001 X1443
008 090401t1994 xxu||||| |||| 00| 0 eng d
035 _a(Sirsi) u17141
041 _aeng
100 _aLamden, B.
245 _aMembers` affairs: building surveying
260 _c1994
350 _a0
490 _aCSM (Chartered Surveyor Monthly)
_v3(7) April 1994, 48(1)
650 _aAPC
_96216
650 _aBAD BEHAVIOUR
650 _aBAD MANNERS
650 _aBRANCH VISITS
650 _aCONDAM REGULATIONS
650 _aLATHAM REFORMS
690 _aMANAGEMENT-BUSINESS MANAGEMENT-PROFESSIONAL PRACTICE
942 _n0
948 _c04/03/1997
999 _c11364
_d11364